UEFA Champions League Sieger? #3 - Statistiken

Allgemein
  • Dieses Quiz wurde 254 mal gespielt
    93 seit der letzten Aktualisierung
  • Das Durchschnittsergebnis liegt bei 9 aus 10
Antwortstatistiken
Hint Antwort % Korrekt
FC Bayern München Ja
97%
Paris Saint-Germain Ja
96%
AC Mailand Ja
96%
Manchester United Ja
93%
1. FC Kaiserslautern Nein
92%
FC Brügge Nein
92%
SV Werder Bremen Nein
92%
AS Monaco Nein
85%
Atlético Madrid Nein
81%
FK Partizan Belgrad Nein
81%
Keine übereinstimmenden Quizze gefunden
Verteilung der Resultate
Anzahl Personen mit jedem Resultat
Perzentil nach korrekt beantworteten Fragen
Ihre Resultats-Entwicklung
Sie haben dieses Quiz seit der letzten Aktualisierung nicht gespielt